Haniya/ (Record no. 614913)

000 -LEADER
fixed length control field 00252nam a22001217a 4500
020 ## - INTERNATIONAL STANDARD BOOK NUMBER
International Standard Book Number 9789696172222
082 ## - DEWEY DECIMAL CLASSIFICATION NUMBER
Classification number 891.439
Author Mark HAN
245 ## - TITLE STATEMENT
Title Haniya/
Remainder of title ہانیہ
260 ## - PUBLICATION, DISTRIBUTION, ETC.
Name of publisher, distributor, etc. Junior book club,
300 ## - PHYSICAL DESCRIPTION
Extent 16p. ;
563 ## - BINDING INFORMATION
Binding note PB
942 ## - ADDED ENTRY ELEMENTS (KOHA)
Source of classification or shelving scheme
Koha item type Book
Holdings
Withdrawn status Lost status Source of classification or shelving scheme Damaged status Not for loan Permanent Location Current Location Shelving location Date acquired Source of acquisition Full call number Barcode Date last seen Price effective from Koha item type
          Central Library (CL) Central Library (CL) Children Section 09/26/2025 Donated by Children - Summer Camp, 2025. 891.439 HAN CL-CS-46 09/26/2025 09/26/2025 Children Section
© 2023 Central Library, National University of Sciences and Technology. All Rights Reserved.